000 00258nam a2200097Ia 4500
001 948172
005 20250826215514.0
008 250824s9999 xx 000 0 und d
245 0 _aDENİZLERDEKİ BÜYÜK SIR
_cHARALD PARIGGER
260 _bKIRMIZI KEDİ YAYINLARI
999 _c948172
_d948172